Frontiere de la Colombie - Statistiques

Statistiques générales
  • Ce quiz a été pris 40 fois
  • Le résultat moyen est 7 sur 11
Statistiques - réponses
Hint Réponse % Correct
1 643 km Brésil
100%
586 km Equateur
100%
2 219 km Venezuela
100%
1 626 km Pérou
95%
225 km Panama
84%
Nord-Ouest Nicaragua
41%
Ouest Costa Rica
38%
Nord-Ouest Honduras
38%
Nord-Est République Dominicaine
32%
Nord-Est Haiti
30%
Nord Jamaique
30%
Aucun quiz correspondant
Distribution des résultats
% des personnes avec chaque résultat
Percentile par nombre de réponses
Votre historique - résultats
Vous n’avez pas pris ce quiz